000 00702nam a22001577a 4500
003 OSt
005 20151002095953.0
008 151002b xxu||||| |||| 00| 0 eng d
040 _cRUA
082 _aAVM ទុំ 1989 B065 Or.1
100 _91722
_aទុំ សុធ្ធីរ៉ា
245 _aជំងឺរលាកទងសួតនិងសួត នៃកូនជ្រូក និង​ ការព្យាបាលដោយ ឌីអ៊ីដ្រូស្រេបតូមីស៊ីននៅក្នុង មណ្ឌលចិញ្ចឹមសត្វ ស្ទឹមមានជ័យ
260 _aPhnom Penh
_bRUA
_c1989
300 _a79p.
_bill.
_c29cm.
942 _2ddc
_cAVM
999 _c1625
_d1625